LIBRARY & INFORMATION CENTRE, KCAET, TAVANUR

ONLINE PUBLIC ACCESS CATALOGUE (OPAC)

Normal view MARC view
  • JOLLY KUTTY EAPEN

Entry Personal Name

Number of records used in: 1

001 - CONTROL NUMBER

  • control field: 2983

003 - CONTROL NUMBER IDENTIFIER

  • control field: OSt

005 - DATE AND TIME OF LATEST TRANSACTION

  • control field: 20180303121001.0

008 - FIXED-LENGTH DATA ELEMENTS

  • fixed length control field: 180303|| aca||aabn | a|a d

040 ## - CATALOGING SOURCE

  • Original cataloging agency: OSt
  • Transcribing agency: OSt

100 ## - HEADING--PERSONAL NAME

  • Personal name: JOLLY KUTTY EAPEN

670 ## - SOURCE DATA FOUND

  • Source citation: Work cat.: (OSt): JOLLY KUTTY EAPEN, Design, fabrication and testing of an equipment to measure deep percolation, 1990
free website counter